Resident Evil 4 Quiz - Statistics

General Stats
  • This quiz has been taken 873 times
    675 since last reset
  • The average score is 15 of 40
Answer Stats
Hint Answer % Correct
Name of the Main Character Leon Scott Kennedy
99%
Name of the President´s daughter Ashley Graham
85%
The bitch in a red dress Ada Wong
78%
Name of the main antagonist Osmund Saddler
74%
First Segment of the game Village
73%
Second Segment of the game Castle
70%
Country where RE4 is surely located Spain
65%
Third Segment of the game Island
63%
Main antagonist in The Castle Ramon Salazar
60%
In-game year 2004
56%
Main antagonist in The Village Bitorez Mendez / Big Cheese
47%
The final Mercenaries character Albert Wesker
46%
The Magnum you can find Broken Butterfly
43%
The most damage dealing handgun Red 9
43%
Cult name Los Illuminados
40%
The old friend boss at the third segment Jack Krauser
39%
The hardest difficulty Professional
36%
The lake boss Del Lago
35%
The 4th Mercenaries character HUNK
33%
The other magnum Killer7
33%
Villagers real name Ganados
32%
First boss in The Island U3 / It
32%
The local who tries to help Luis Sera
31%
The mission informative Ingrid Hunnigan
30%
The shitty gemstones found from everywhere Spinels
30%
The arguably best Shotgun Striker
30%
The longer additional story Separate Ways
29%
The fastest handgun Blacktail
25%
The big boss El Gigante
25%
Shotgun unlocked after the first segment Riot Gun
25%
The unlockable handgun Matilda
22%
The Man Merchant
20%
The wolverine man Garrador
17%
The spikey miniboss Iron Maiden
17%
The even less shitty gemstones found first in the 3rd segment Emeralds
14%
Village in that language (also a city in Colorado) Pueblo
12%
The shorter bonus mode with five samples Assignment Ada
11%
Shoots darts Mine Thrower
11%
The less shitty gemstones found mainly in the 2nd segment Velvet Blues
8%
The treasures that need 3 different eyes Butterfly lamps / Beerstein
7%
No matching quizzes found
Score Distribution
Percent of People with Each Score
Percentile by Number Answered
Your Score History
You have not taken this quiz since the last reset